Challenging Flag Quiz #1 - Statistics

General Stats
  • This quiz has been taken 14 times
  • The average score is 17 of 50
Answer Stats
Picture Hint Answer % Correct
Country Tonga
100%
Country Mozambique
91%
Country Kuwait
82%
Country Moldova
82%
Country Haiti
73%
National Subdivison Corsica
64%
City Kuala Lumpur
64%
Overseas Territory Reunion
64%
Overseas Territory Montserrat
55%
Autonomous Region South Ossetia
55%
National Subdivison Zanzibar
55%
Overseas Territory Bonaire
45%
Old National Flag Libya (1977-2011)
45%
Autonomous Region Bougainville
36%
National Subdivison Chechnya
36%
National Subdivison Friesland
36%
National Subdivison Hokkaido
36%
City Houston
36%
Oversees Territory Pitcairn Islands
36%
National Subdivison Tasmania
36%
City Tokyo
36%
National Subdivison Utah
36%
National Subdivison Yorkshire
36%
Geographical Region East Turkestan
27%
Language Esperanto
27%
National Subdivison Idaho
27%
Old National Flag Latvia (1953-1990)
27%
Community Navajo Nation
27%
City New Delhi
27%
City New York City
27%
Old National Flag Rhodesia
27%
Community Sami
27%
National Subdivison West Papua
27%
National Subdivison Brandenburg
18%
City Paris
18%
National Subdivison Saskatchewan
18%
Old National Flag Suriname (1959-1975)
18%
City Tallinn
18%
National Subdivison Tierra Del Fuego
18%
National Subdivison Tuscany
18%
City Cairo
9%
Community Christiania
9%
National Subdivison Karakalpakstan
9%
City Lagos
9%
Community Mount Athos
9%
National Subdivison Santa Catarina
9%
City St Petersburg
9%
National Subdivison Western Cape
9%
City Port Vila
0%
City Santiago
0%
No matching quizzes found
Score Distribution
Percent of People with Each Score
Percentile by Number Answered
Your Score History
You have not taken this quiz